Statistiques concernant Les plus grandes villes de Nouvelle-Aquitaine.

Cliquez ici pour prendre le quiz!

Statistiques générales

  • Ce quiz a été pris 1 823 fois
    (1 535 depuis la dernière actualisation)
  • Le résultat moyen est 13 sur 20

Réponses sur la Carte

Les réponses sont colorées sur une échelle allant du rouge au vert en fonction du pourcentage des utilisateurs qui les ont devinées à leur premier essai. Vous pouvez retrouver ces pourcentages ci-dessous.
 

Statistiques - réponses

PopulationVille% Correct
257 068Bordeaux
100%
76 114La Rochelle
95%
76 275Pau
93%
51 411Bayonne
92%
131 479Limoges
88%
88 665Poitiers
88%
41 711Angoulême
76%
29 683Mont-de-Marsan
76%
59 059Niort
74%
30 060Périgueux
74%
70 813Mérignac
71%
33 012Agen
67%
64 374Pessac
63%
46 630Brive-la-Gaillarde
60%
26 823Bergerac
54%
39 604Anglet
48%
42 701Talence
42%
31 733Châtellerault
32%
35 278Villenave-d'Ornon
22%
31 536Saint-Médard-en-Jalles
20%

Distribution des résultats

Percentile par nombre de réponses

% des personnes avec chaque résultat

Votre développement - résultats

Vous n’avez pas pris ce quiz depuis la dernière actualisation